| 000 | 01136nas a2200301 i 4500 | ||
|---|---|---|---|
| 001 | 858 | ||
| 003 | ES-MaACL | ||
| 005 | 20250416162750.0 | ||
| 007 | t| | ||
| 008 | 950801c1959 sp | | 1 ||pa d | ||
| 022 | _a0425-6638 | ||
| 080 | _a316.356.2(460) | ||
| 245 | 0 | 0 |
_aFamilia española / _cdir. Gabriel Elorriaga Fernández. |
| 260 |
_aMadrid, etc : _bSecretaría Permanente de los Congresos de la Familia Española, _c1959- |
||
| 300 |
_a14 v. : _bgrab. ; _c27 cm. |
||
| 310 | _aMensual | ||
| 362 | 0 | _a1. época, n. 1 (nov. 1959)- | |
| 500 | _aA partir de 1963 aparece el año de publicación de la rev. | ||
| 525 | _aEl suplemento va junto a la revista. | ||
| 650 | 1 | 4 |
_aRevistas de información general. _916896 |
| 655 | 7 |
_2tgfbne _9226866 _aRevistas |
|
| 700 | 1 |
_aElorriaga Fernández, Gabriel, _9227541 |
|
| 852 |
_aES-MaACL _jHEM-H-134 _xHEM-1210 _cHEM _zExpurgado: marzo 2025: posterior 1958; muy incompleta; En Biblioteca Regional de la Comunidad de Madrid |
||
| 866 | 0 | _o1959(1960),(1962)1963-1968. | |
| 942 |
_2udc _cPERIODICA |
||
| 999 |
_c858 _d858 |
||